Spracovanie rozsiahlych súborov údajov
Vymedzenie pojmu databáza (DB). Príklad databázy a popisu jej prvkov. Databázové systémy a jazyk SQL. MySQL. PostgreSQL. MS Access Microsoft SQL Server. Oracle Database.
Uložené v:
| Hlavný autor: | |
|---|---|
| Médium: | Kapitola |
| Jazyk: | Slovak |
| Predmet: | |
| Tagy: |
Žiadne tagy, Buďte prvý, kto otaguje tento záznam!
|
MARC
| LEADER | 00000naa$a2200000$$$4500 | ||
|---|---|---|---|
| 001 | 0051555 | ||
| 005 | 20220715093932.7 | ||
| 041 | 0 | |a slo | |
| 044 | |a SK | ||
| 245 | 1 | 0 | |a Spracovanie rozsiahlych súborov údajov |c Martin Blahušiak |
| 520 | |a Vymedzenie pojmu databáza (DB). Príklad databázy a popisu jej prvkov. Databázové systémy a jazyk SQL. MySQL. PostgreSQL. MS Access Microsoft SQL Server. Oracle Database. | ||
| 610 | 2 | 0 | |a dáta |
| 610 | 2 | 0 | |a systémy databázové |
| 610 | 2 | 0 | |a jazyky programovacie |
| 610 | 2 | 0 | |a programy počítačové |
| 610 | 2 | 0 | |a technológie informačné |
| 610 | 2 | 0 | |a technológie komunikačné |
| 610 | 2 | 0 | |a spracovanie dát |
| 100 | 1 | |a Blahušiak, Martin | |